Teoretické problémy tvorby československého práva

Guardado en:
Detalles Bibliográficos
Otros Autores: Knapp, Viktor
Formato: Libro
Lenguaje:checo
Publicado: Praha Academia 1983
Etiquetas: Agregar Etiqueta
Sin Etiquetas, Sea el primero en etiquetar este registro!

MARC

LEADER 00000nam a2200000 4500
001 c133333
005 20041019155257.9
041 0 |a cze 
044 |a CZ 
245 1 0 |a Teoretické problémy tvorby československého práva  |c Red. Viktor Knapp 
264 1 |a Praha  |b Academia  |c 1983 
300 |a 267 s. 
700 1 |a Knapp, Viktor